Arbuscular Mycorrhizas: Physiology and Function

In the years since the first edition of “Arbuscular Mycorrhizas: Physiology and Function” was published, an exceptional proliferation of interest in mycorrhizal biology has developed. This has been associated with advances in different research disciplines such as genetics, genomics, proteomics, met...

Πλήρης περιγραφή

Λεπτομέρειες βιβλιογραφικής εγγραφής
Συγγραφή απο Οργανισμό/Αρχή: SpringerLink (Online service)
Άλλοι συγγραφείς: Koltai, Hinanit (Επιμελητής έκδοσης), Kapulnik, Yoram (Επιμελητής έκδοσης)
Μορφή: Ηλεκτρονική πηγή Ηλ. βιβλίο
Γλώσσα:English
Έκδοση: Dordrecht : Springer Netherlands : Imprint: Springer, 2010.
Θέματα:
Διαθέσιμο Online:Full Text via HEAL-Link
LEADER 03745nam a22004815i 4500
001 978-90-481-9489-6
003 DE-He213
005 20151125201827.0
007 cr nn 008mamaa
008 100825s2010 ne | s |||| 0|eng d
020 |a 9789048194896  |9 978-90-481-9489-6 
024 7 |a 10.1007/978-90-481-9489-6  |2 doi 
040 |d GrThAP 
050 4 |a QK1-989 
072 7 |a PST  |2 bicssc 
072 7 |a SCI011000  |2 bisacsh 
072 7 |a NAT026000  |2 bisacsh 
082 0 4 |a 580  |2 23 
245 1 0 |a Arbuscular Mycorrhizas: Physiology and Function  |h [electronic resource] /  |c edited by Hinanit Koltai, Yoram Kapulnik. 
264 1 |a Dordrecht :  |b Springer Netherlands :  |b Imprint: Springer,  |c 2010. 
300 |a X, 323 p.  |b online resource. 
336 |a text  |b txt  |2 rdacontent 
337 |a computer  |b c  |2 rdamedia 
338 |a online resource  |b cr  |2 rdacarrier 
347 |a text file  |b PDF  |2 rda 
505 0 |a Host-fungal Interactions: Pre-penetration -- Fungal Spore Germination and Pre-symbiotic Mycelial Growth – Physiological and Genetic Aspects -- Functional Categories of Root Exudate Compounds and their Relevance to AM Fungal Growth -- The Making of Symbiotic Cells in Arbuscular Mycorrhizal Roots -- Strigolactones and Their Role in Arbuscular Mycorrhizal Symbiosis -- Host-fungal Interactions: Post-penetration -- Molecular–Physiological Aspects of the AM Symbiosis Post Penetration -- Phosphate Transporters in Arbuscular Mycorrhizal Symbiosis -- Nutrient Uptake: The Arbuscular Mycorrhiza Fungal Symbiosis as a Plant Nutrient Acquisition Strategy -- Hormonal Responses in Host Plants Triggered by Arbuscular Mycorrhizal Fungi -- Host-fungal Interactions: Post-penetration -- Impact of Arbuscular Mycorrhizal Symbiosis on Plant Response to Biotic Stress: The Role of Plant Defence Mechanisms -- Biotic Environment of the Arbuscular Mycorrhizal Fungi in Soil -- Influence of the Symbiosis on the Host and its Surrounding: Host Response to Abiotic Stress -- Host Response to Osmotic Stresses: Stomatal Behaviour and Water Use Efficiency of Arbuscular Mycorrhizal Plants -- Metal Tolerant Mycorrhizal Plants: A Review from the Perspective on Industrial Waste in Temperate Region -- Evolutionary and Diversity Perspectives of Mycorrhizal Association -- Effect of Differences Among Crop Species and Cultivars on the Arbuscular Mycorrhizal Symbiosis -- Mycorrhizal Symbiosis and Plant Reproduction. 
520 |a In the years since the first edition of “Arbuscular Mycorrhizas: Physiology and Function” was published, an exceptional proliferation of interest in mycorrhizal biology has developed. This has been associated with advances in different research disciplines such as genetics, genomics, proteomics, metabolomics and physiology, advances which have generated better insight into topics of mycorrhizal biology, including the mechanisms of host-mycorrhiza interactions pre- and post-penetration, the influence of the symbiosis on the host and its surroundings, and the evolution and diversity of mycorrhization. It therefore became necessary to both update and expand the book's coverage in this, its second edition. 
650 0 |a Life sciences. 
650 0 |a Microbiology. 
650 0 |a Plant science. 
650 0 |a Botany. 
650 1 4 |a Life Sciences. 
650 2 4 |a Plant Sciences. 
650 2 4 |a Microbiology. 
650 2 4 |a Eukaryotic Microbiology. 
700 1 |a Koltai, Hinanit.  |e editor. 
700 1 |a Kapulnik, Yoram.  |e editor. 
710 2 |a SpringerLink (Online service) 
773 0 |t Springer eBooks 
776 0 8 |i Printed edition:  |z 9789048194889 
856 4 0 |u http://dx.doi.org/10.1007/978-90-481-9489-6  |z Full Text via HEAL-Link 
912 |a ZDB-2-SBL 
950 |a Biomedical and Life Sciences (Springer-11642)